Física II

Bibliographic Details
Main Authors: Resnick, Robert, Halliday,David, Krae, Keneth S
Format: Section = Libro
Language:Undetermined
Spanish
Published: México CECSA 1982
Subjects:
LEADER 00564nam a2200241Ia 4500
008 240829s9999 xx 000 0 und d
020 |a 968-26-0324-2 
040 |a BIBLIOTECA-RUSB/ 530 R434 
041 |a spa 
082 |a 530 R434 
100 1 |a Resnick, Robert  
100 1 |b  Halliday,David 
100 1 |c  Krae, Keneth S 
245 1 0 |a Física II 
260 |a México  |b CECSA  |c 1982 
300 |a 646 p. :il. 
650 7 |a FISICA 
650 7 |b  MEDICION 
650 7 |c  CINEMATICA 
650 7 |d  TERMODINÁMICA 
942 |c BK  |2 ddc 
991 |a TEXTO 
999 |c 2010